Ciencias naturales : química : texto para el estudiante : 1º medio /
Gorde:
| Egile nagusia: | |
|---|---|
| Beste egile batzuk: | , |
| Formatua: | Liburua |
| Hizkuntza: | gaztelania |
| Saila: | (Texto del Estudiante Mare Nostrum)
|
| Gaiak: | |
| Etiketak: |
Etiketarik gabe, Izan zaitez lehena erregistro honi etiketa jartzen!
|
MARC
| LEADER | 00000nam^a2200000^a^4500 | ||
|---|---|---|---|
| 001 | 000185960 | ||
| 005 | 20250521000000.0 | ||
| 009 | 20260310102209.187 | ||
| 020 | |a 956-294-004-7 | ||
| 037 | |a Acervo ITESO - Biblioteca | ||
| 041 | |a ESP | ||
| 082 | |a 540. 7083 |b QUI V. 1 | ||
| 100 | |a Chadwick Weinstein, Isabel |e (autor) | ||
| 240 | 1 | 1 | |a [Ciencias naturales: química] |
| 245 | 1 | 0 | |a Ciencias naturales : |b química : texto para el estudiante : 1º medio / |c I. Chadwick Weinstein, M.A. Santa Ana Villarroel, R.A. Díaz Delgado. |
| 264 | |a Santiago, Chile : |b Mare Nostrum, |c copyright fecha no identificada | ||
| 300 | |a 168 p. | ||
| 336 | |a texto |b txt |2 rdacontenido | ||
| 337 | |a sin mediación |b n |2 rdamedio | ||
| 338 | |a volumen |b nc |2 rdasoporte | ||
| 440 | 1 | |a (Texto del Estudiante Mare Nostrum) | |
| 649 | |a XX | ||
| 650 | |a Libros de Texto - |z Chile | ||
| 650 | |a Apoyos Didácticos - |z Chile | ||
| 650 | |a Proceso Educativo - |z Chile | ||
| 650 | |a Educación Media - |z Chile | ||
| 650 | |a Industria Química | ||
| 650 | |a Agua - |x Análisis | ||
| 650 | |a Agua - |x Composición | ||
| 650 | |a Agua - |x Purificación | ||
| 650 | |a Aguas Residuales - |x Purificación | ||
| 650 | |a Aire | ||
| 650 | |a Contaminación Ambiental | ||
| 650 | |a Petróleo - |x Refinación | ||
| 650 | |a Recursos Energéticos | ||
| 650 | |a Recursos Naturales | ||
| 650 | |a Minerales | ||
| 650 | |a Elementos Químicos | ||
| 650 | |a Química de Suelos | ||
| 650 | |a Química - |z Chile - |x Estudio y Enseñanza | ||
| 650 | |a Química - |x Generalidades - |x Tema Principal | ||
| 650 | |a Ciencias Exactas - |z Chile - |x Estudio y Enseñanza | ||
| 700 | |a Santa Ana Villarroel, María Angélica |e (autor) | ||
| 700 | |a Díaz Delgado, Rolando A. |e (autor) | ||
| 910 | |a Fondo General | ||
| 920 | |a Impresos - Libros | ||
| 930 | |a Colección General | ||
| 905 | |a 101 | ||
| 901 | |a 0500127473 |b IT1 |c ACC |u 20250521 | ||
| 902 | |a https://opac.biblio.iteso.mx/vufind/Record/000185960 | ||